Science Quiz

Random Science or Astronomy Quiz

Pick the Right Planet Quiz Stats

 Plays Quiz Updated Jul 16, 2018

Support Sporcle.
Go Orange.
Score 0/20 Timer 05:00
0 Plays Today
Question Answer Wrong Answers
Which planet in the solar system is farthest from the Sun? Neptune
82.8%
Uranus
14.7%
Saturn
1%
Jupiter
1.3%
Which of the following planets in the solar system does NOT have rings? Mars
82.2%
Jupiter
3.3%
Saturn
0.9%
Uranus
2.7%
Which planet in the solar system has the longest year? Neptune
78.2%
Venus
3.7%
Mars
1.9%
Jupiter
7.7%
Which planet in the solar system has the shortest year? Mercury
75.6%
Venus
7.2%
Earth
5%
Neptune
4.1%
Which planet in the solar system has the largest moon? Jupiter
74.3%
Saturn
17.7%
Neptune
2.1%
Uranus
1.3%
Which planet in the solar system features the Great Red Spot? Jupiter
71.9%
Mercury
1.7%
Venus
1.4%
Mars
15%
Which planet in the solar system features Valles Marineris, the longest canyon in the solar system? Mars
67%
Mercury
6.9%
Neptune
10.1%
Earth
4.2%
Which of the following planets in the solar system has no moons? Venus
60.6%
Neptune
7.2%
Uranus
8.8%
Mars
17.9%
Which planet in the solar system has a near horizontal rotational axis? Uranus
56.6%
Venus
14%
Mars
9.6%
Jupiter
9.4%
Which planet in the solar system is smallest in size? Mercury
54.4%
Neptune
13.6%
Mars
5.5%
Jupiter
14.9%
Which planet in the solar system is sometimes referred to as Earth's twin? Venus
51.4%
Mars
41.4%
Uranus
2.5%
Neptune
2.5%
Which planet's orbit is closest to Earth's?? Venus
46.2%
Mars
41.6%
Mercury
11.3%
Saturn
0.5%
Which planet in the solar system has the largest magnetic field? Jupiter
44%
Earth
32.3%
Saturn
8.5%
Neptune
4%
Which planet in the solar system has the most volcanoes? Venus
39.1%
Jupiter
10.6%
Mercury
14%
Earth
25%
Which planet in the solar system has the lowest density, and could float in a bathtub? Saturn
37.6%
Neptune
20%
Jupiter
22.5%
Mercury
10.9%
Which planet in the solar system has the most moons? Saturn
29.8%
Jupiter
60.4%
Neptune
2.1%
Uranus
1.8%
Which planet in the solar system has the record for coldest surface temperature? Uranus
28.5%
Neptune
58.6%
Mars
5.9%
Saturn
3.4%
Which planet in the solar system has the longest day? Venus
25.2%
Mercury
36.8%
Saturn
24.9%
Jupiter
5.7%
Which planet in the solar system has the strongest winds? Neptune
15.3%
Uranus
10.9%
Mars
11.8%
Jupiter
52.7%
Which planet in the solar system has the shortest day? Jupiter
14%
Neptune
6.8%
Mars
8%
Mercury
64.6%

You're not logged in!

Compare scores with friends on all Sporcle quizzes.
OR
Log In

From the Vault

Find the Lost Characters

by mvheald

You'd think they'd just make a map or use a GPS, or something.
Remove Ads.
Support Sporcle.
Get the best of Sporcle when you Go Orange. This ad-free experience offers more features, more stats, and more fun while also helping to support Sporcle. Thank you for becoming a member.

Show Comments

Extras

Top Quizzes Today


Score Distribution

Your Account Isn't Verified!

In order to create a playlist on Sporcle, you need to verify the email address you used during registration. Go to your Sporcle Settings to finish the process.

Report this User

Report this user for behavior that violates our Community Guidelines.

Details: